00508nam a22001697a 450000500170000001000150001702000260003203500130005803700130007108200120008410000190009624500730011526000300018827000680021830000320028650000200031820150106114651.0 aENG-111404 a9788120350144c325.00 aEN-94936 bDBAD/PUB a621.381 aBanerjee, G.K. aElectrical and electronics engineering materials /cby G.K. Banerjee aDelhibPHI Learningc2015 aRimjhim House, 111, Patparganj Industrial EstatebDelhie110092 axi,337p. :bill.c24cm(pbk) aIncludes index